00000000nam 2200000za 4500
0019.576146
003CaOODSP
00520210624185013
007cr |||||||||||
008150406r19771980xxcaod||o    f000 0 eng d
020 |z0-662-00769-7
040 |aCaOODSP|beng
043 |an-cn---
0861 |aA54-3/16-1977E-PDF
24500|aEmbryo transfer in farm animals |h[electronic resource] : |ba review of techniques and applications / |cedited by K.J. Betteridge.
260 |aOttawa : |bAgriculture Canada, Health of Animals Branch, |c1977, c1980.
300 |axviii, 89 p. : |bill.
4901 |aMonograph / Agriculture Canada |v16
500 |aReprint. Originally published: 1977.
500 |aHistorical publication digitized by Agriculture and Agri-Food Canada.
504 |aBibliography: p. 81 -92.
590 |a13-17-Supp|b2013-07-25
69007|aAnimal husbandry|2gcpds
69007|aAnimal reproduction|2gcpds
69007|aLivestock|2gcpds
7001 |aBetteridge, K. J.
7101 |aCanada.|bAgriculture Canada. |bHealth of Animals Branch.
830#0|aMonograph (Canada. Agriculture Canada. Research Branch)|vno. 16|w(CaOODSP)9.507455
85640|ahttp://publications.gc.ca|qPDF|s8.31 MB|uhttps://publications.gc.ca/collections/collection_2013/aac-aafc/agrhist/A54-3-16-1977-eng.pdf|yNo. 16